Միկրոկոնտրոլերներ : (Record no. 376159)
[ view plain ]
| 000 -LEADER | |
|---|---|
| fixed length control field | 01787nam a2200265 a 4500 |
| 001 - CONTROL NUMBER | |
| control field | 001179991 |
| 003 - CONTROL NUMBER IDENTIFIER | |
| control field | AM-YeHGA |
| 005 - DATE AND TIME OF LATEST TRANSACTION | |
| control field | 20250617152713.0 |
| 008 - FIXED-LENGTH DATA ELEMENTS--GENERAL INFORMATION | |
| fixed length control field | 161004s2016 ai ad||frf||||001|0|arm|| |
| 020 ## - INTERNATIONAL STANDARD BOOK NUMBER | |
| International Standard Book Number | 9789939724294 |
| 040 ## - CATALOGING SOURCE | |
| Original cataloging agency | AM-YeHGA |
| 041 0# - LANGUAGE CODE | |
| Language code of text/sound track or separate title | arm |
| 090 ## - LOCALLY ASSIGNED LC-TYPE CALL NUMBER (OCLC); LOCAL CALL NUMBER (RLIN) | |
| -- | 378069 |
| 100 1# - MAIN ENTRY--PERSONAL NAME | |
| Personal name | Շիրինյան, Պետուշ Հմայակի |
| 245 10 - TITLE STATEMENT | |
| Title | Միկրոկոնտրոլերներ : |
| Remainder of title | Ուսումնական ձեռնարկ / |
| Statement of responsibility, etc. | Պ.Հ. Շիրինյան, Հ.Մ. Դավթյան ; [Խմբագիր՝ Ն.Ա. Խաչատրյան]; ՀՀ ԿԳՆ, ՀԱՊՀ, Կիբեռնետիկայի ֆակուլտետ, Էլեկտրոնային տեխնիկայի ամբիոն. |
| 260 ## - PUBLICATION, DISTRIBUTION, ETC. | |
| Place of publication, distribution, etc. | Երևան : |
| Name of publisher, distributor, etc. | Ճարտարագետ, |
| Date of publication, distribution, etc. | 2016. |
| 300 ## - PHYSICAL DESCRIPTION | |
| Extent | 300 էջ : |
| Other physical details | նկար, աղյուսակ ; |
| Dimensions | 23 սմ. |
| 504 ## - BIBLIOGRAPHY, ETC. NOTE | |
| Bibliography, etc. note | Մատենագիտություն՝ էջ 298 հայերեն, ռուսերեն և անգլերեն: |
| 520 3# - SUMMARY, ETC. | |
| Summary, etc. | Ուսումնական ձեռնարկը պարունակում է ժամանակակից RISC ճարտարապետությամբ AVR Atmega ընտանիքի միկրոկոնտրոլորների ուսումնասիրության նյութեր: |
| 530 ## - ADDITIONAL PHYSICAL FORM AVAILABLE NOTE | |
| Additional physical form available note | Էլեկտրոնային պաշարը հասանելի է ՀԱՊՀ -ի գրադարանի էլեկտրոնային ընթերցասրահում : |
| Uniform Resource Identifier | <a href="http://libsrv.seua.am/chair_publications/2426E.pdf">http://libsrv.seua.am/chair_publications/2426E.pdf</a> |
| 650 14 - SUBJECT ADDED ENTRY--TOPICAL TERM | |
| Topical term or geographic name entry element | Միկրոկոնտրոլերներ |
| General subdivision | Կիրառությունը |
| 700 1# - ADDED ENTRY--PERSONAL NAME | |
| Personal name | Դավթյան, Հրաչյա Մարտինի |
| 700 1# - ADDED ENTRY--PERSONAL NAME | |
| Personal name | Խաչատրյան, Ն.Ա. |
| Relator term | խմբագիր |
| Relationship | edt |
| 710 2# - ADDED ENTRY--CORPORATE NAME | |
| Corporate name or jurisdiction name as entry element | Հայաստանի ազգային պոլիտեխնիկական համալսարան : |
| Subordinate unit | Կիբեռնետիկայի ֆակուլտետ : |
| -- | Էլեկտրոնային տեխնիկայի ամբիոն |
| Withdrawn status | Lost status | Damaged status | Not for loan | Collection | Home library | Current library | Date acquired | Cost, normal purchase price | Shelving control number | Total checkouts | Full call number | Barcode | Date last seen | Price effective from | Koha item type | Public note |
|---|---|---|---|---|---|---|---|---|---|---|---|---|---|---|---|---|
| General | Fundamental Scientific Library | Fundamental Scientific Library | 11/01/2017 | 1730.00 | AII/101960 | FL0438010 | 11/01/2017 | 11/01/2017 | Գրքեր / Books | 30 Days Loan | ||||||
| General | Fundamental Scientific Library | Fundamental Scientific Library | 11/01/2017 | 1730.00 | AII/101961 | FL0438026 | 11/01/2017 | 11/01/2017 | Գրքեր / Books | 30 Days Loan |
ՀՀ Գիտությունների ազգային ակադեմիայի հիմնարար գիտական գրադարան = Fundamental Scientific Library of NAS RA
All site content, except where otherwise noted, is licensed under a